Физика полупроводниковых лазеров: тезисы докладов Республиканской научной конференции., Вильнюс, 30 мая - 1 июня 1989 г.

Dades bibliogràfiques
Autor corporatiu: Министерство электронной промышленности СССР, Физика полупроводниковых лазеров
Altres autors: Вайтекунас Ф. К. (редактор)
Idioma:rus
Publicat: Вильнюс, ВГУ, 1989
Matèries:
Format: MixedMaterials Llibre
KOHA link:https://koha.lib.tpu.ru/cgi-bin/koha/opac-detail.pl?biblionumber=214662

MARC

LEADER 00000nam0a2200000 4500
001 214662
005 20231101225916.0
020 |a RU  |b 89-44659 
035 |a (RuTPU)RU\TPU\book\234537 
090 |a 214662 
100 |a 20120426d1989 k a0rusy5003 ca 
101 0 |a rus 
102 |a LT 
105 |a a z 101zy 
200 1 |a Физика полупроводниковых лазеров  |e тезисы докладов Республиканской научной конференции., Вильнюс, 30 мая - 1 июня 1989 г.  |f Министерство электронной промышленности СССР ; под ред. Ф. К. Вайтекунаса 
210 |a Вильнюс  |c ВГУ  |d 1989 
215 |a 219 с.  |c ил.  |d 20 см 
320 |a Указ. авт.: с. 205-209. 
320 |a Библиография в конце статей 
610 1 |a генераторы 
610 1 |a квантовые генераторы 
610 1 |a полупроводниковые генераторы 
610 1 |a физика 
610 1 |a конференции 
675 |a 621.373.826.038.825(063)  |z rus 
702 1 |a Вайтекунас  |b Ф. К.  |4 340 
712 0 2 |a Министерство электронной промышленности СССР  |2 stltpush  |3 (RuTPU)RU\TPU\col\9667  |9 24740 
712 1 2 |a Физика полупроводниковых лазеров  |c конференция  |e Вильнюс  |f 1989 
801 0 |a RU  |b RuMRKP  |c 19950417  |g psbo 
801 1 |a RU  |b 63413507  |c 20120426 
801 2 |a RU  |b 63413507  |c 20120601  |g RCR 
942 |c BK